000 00224 a2200097 4500
001 1733
100 _aChorfas, D.N.
245 _aOperation research for industrial management
260 _a
_bReinhold
_c
090 _c1269
_d1269
942 _aNUST-CAE
_cM
_c2991
999 _c236806
_d236806